000 01204nab a22002537a 4500
999 _c5670
_d5670
003 OSt
005 20251226221556.0
008 190603e xxum|||| |||| 00| 0 spa d
040 _cPJ
100 _96626
_a Rodrigo, Juan M.
245 1 3 _aLa inteligencia artificial :
_bsu impacto en los smart contracts y en la protección de datos /
_cJuan Manuel Rodrigo.
260 _cCiudad Autónoma de Buenos Aires :
_aThomson Reuters La Ley,
_b2025.
300 _ap. 261-270
500 _aCita: TR LALEY AR/DOC/1050/2025 Publicado en: RCCyC 2025 (junio).
505 _aSumario: I. Introducción. Planteo del problema.— II. Desarrollo.— III. Conclusión.— IV. Referencias bibliográficas complementarias.
505 _t¿Te interesa el texto completo? Solicitalo al correo: koha@justierradelfuego.gov.ar
650 0 _91497
_aCODIGO CIVIL Y COMERCIAL
650 0 _9273
_aDERECHO INFORMATICO
650 0 _93463
_aCONTRATOS
650 0 _95817
_aINTELIGENCIA ARTIFICIAL
650 0 _95718
_aLEY DE PROTECCION DE LOS DATOS PERSONALES
773 0 _02713
_93170
_dCiudad Autónoma de Buenos Aires : Thomson Reuters La Ley, 2015-
_tRevista Código Civil y Comercial. Nº 3 - Junio 2025
942 _2udc
_cANA